[Event "SAIF POWERTEC 45th BAN Ch 2019"]
[Site "Dhaka"]
[Date "2019.11.05"]
[Round "1.10"]
[White "Md Emdadul, Haque"]
[Black "Islam, Khandaker Aminul"]
[Result "0-1"]
[WhiteElo "2070"]
[BlackElo "2229"]
[Annotator "ChessBase"]
[PlyCount "186"]
[EventDate "2019.11.05"]
[EventCountry "BAN"]
[SourceTitle "playchess.com"]
[Source "ChessBase"]
[SourceQuality "1"]
[TimeControl "40/5400+30:1800+30"]

1. d4 {[%emt 0:00:00]} Nf6 {[%emt 0:00:00]} 2. Bf4 {[%emt 0:00:17]} e6 {[%emt 0:00:00]} 3. e3 {[%emt 0:00:30]} b6 {[%emt 0:00:11]} 4. Nf3 {[%emt 0:01:00]} Bb7 {[%emt 0:00:11]} 5. Nbd2 {[%emt 0:00:39]} Be7 {[%emt 0:00:12]} 6. c3 {[%emt 0:03:36]} Nh5 {[%emt 0:00:38]} 7. Bg3 {[%emt 0:00:58]} d6 {[%emt 0:00:33]} 8. Bb5+ {[%emt 0:03:51]} Nd7 {[%emt 0:01:33]} 9. Qa4 {[%emt 0:06:41]} a6 {[%emt 0:00:44]} 10. Be2 {[%emt 0:08:00]} g6 {[%emt 0:01:28]} 11. Qb3 {[%emt 0:16:58]} O-O {[%emt 0:05:24]} 12. O-O {[%emt 0:02:24]} Bf6 {[%emt 0:18:16]} 13. Rad1 {[%emt 0:02:47]} Qe7 {[%emt 0:02:03]} 14. Rfe1 {[%emt 0:04:44]} e5 {[%emt 0:04:53]} 15. dxe5 {[%emt 0:01:21]} dxe5 {[%emt 0:00:35]} 16. Qc2 {[%emt 0:08:04]} e4 {[%emt 0:05:54]} 17. Nd4 {[%emt 0:01:57]} Nxg3 {[%emt 0:00:54]} 18. hxg3 {[%emt 0:00:56]} Rfe8 {[%emt 0:02:18]} 19. Nf1 {[%emt 0:04:14]} Be5 {[%emt 0:01:29]} 20. f4 {[%emt 0:01:46]} Bd6 {[%emt 0:02:16]} 21. b4 {[%emt 0:05:06]} Nf6 {[%emt 0:03:33]} 22. a3 {[%emt 0:01:01]} h5 {[%emt 0:01:55]} 23. Nb3 {[%emt 0:03:42]} Bc8 {[%emt 0:06:42]} 24. c4 {[%emt 0:02:06]} c5 {[%emt 0:07:54]} 25. Qd2 {[%emt 0:03:21]} Bc7 {[%emt 0:05:48]} 26. Qc3 {[%emt 0:00:42]} Bd6 {[%emt 0:06:45]} 27. Qd2 {[%emt 0:02:04]} Rd8 {[%emt 0:03:22]} 28. bxc5 {[%emt 0:00:26]} bxc5 {[%emt 0:00:23]} 29. Qa5 {[%emt 0:02:27]} Be6 {[%emt 0:02:27]} 30. Qc3 {[%emt 0:01:39]} Ne8 {[%emt 0:00:33]} 31. Rd2 {[%emt 0:00:52]} Rdb8 {[%emt 0:00:47]} 32. Red1 {[%emt 0:00:44]} Rb6 {[%emt 0:00:35]} 33. Rb2 {[%emt 0:01:49]} Qc7 {[%emt 0:02:47]} 34. Nbd2 {[%emt 0:00:47]} Rxb2 {[%emt 0:00:30]} 35. Qxb2 {[%emt 0:00:10]} Rb8 {[%emt 0:01:58]} 36. Qc2 {[%emt 0:01:23]} f5 {[%emt 0:00:23]} 37. Rb1 {[%emt 0:01:13]} Kf7 {[%emt 0:01:58]} 38. Kf2 {[%emt 0:02:15]} Be7 {[%emt 0:00:22]} 39. Qa4 {[%emt 0:00:37]} Rxb1 {[%emt 0:01:10]} 40. Nxb1 {[%emt 0:00:00]} Qb6 {[%emt 0:00:00]} 41. Nc3 {[%emt 0:00:59]} Nf6 {[%emt 0:03:29]} 42. Qc2 {[%emt 0:03:46]} Bf8 {[%emt 0:00:45]} 43. Nd2 {[%emt 0:01:29]} Bg7 {[%emt 0:02:05]} 44. Nd1 {[%emt 0:03:40]} Qa5 {[%emt 0:01:16]} 45. Nb1 {[%emt 0:02:33]} Nd7 {[%emt 0:02:26]} 46. Qb3 {[%emt 0:02:07]} Nb6 {[%emt 0:00:25]} 47. Ndc3 {[%emt 0:01:13]} Ke7 {[%emt 0:05:11]} 48. Kf1 {[%emt 0:03:09]} Bf6 {[%emt 0:00:37]} 49. Kf2 {[%emt 0:01:59]} Kd6 {[%emt 0:03:00]} 50. Kf1 {[%emt 0:02:24]} Kc6 {[%emt 0:02:12]} 51. Kf2 {[%emt 0:01:13]} Kc7 {[%emt 0:00:41]} 52. Kf1 {[%emt 0:02:13]} Bd8 {[%emt 0:03:47]} 53. Kf2 {[%emt 0:01:27]} Be7 {[%emt 0:00:21]} 54. Kf1 {[%emt 0:01:43]} h4 {[%emt 0:01:22]} 55. Kf2 {[%emt 0:01:19]} hxg3+ {[%emt 0:00:26]} 56. Kxg3 {[%emt 0:00:20]} g5 {[%emt 0:01:25]} 57. fxg5 {[%emt 0:01:19]} Bxg5 {[%emt 0:00:29]} 58. Kf2 {[%emt 0:00:41]} Bf6 {[%emt 0:01:32]} 59. g3 {[%emt 0:00:38]} Be5 {[%emt 0:00:57]} 60. Bf1 {[%emt 0:01:28]} Kc6 {[%emt 0:01:02]} 61. Be2 {[%emt 0:00:56]} Kd7 {[%emt 0:02:07]} 62. g4 {[%emt 0:02:08]} fxg4 {[%emt 0:02:38]} 63. Nxe4 {[%emt 0:00:35]} Kc7 {[%emt 0:02:07]} 64. Nbc3 {[%emt 0:03:03]} Bf5 {[%emt 0:04:28]} 65. Bf1 {[%emt 0:03:10]} Be6 {[%emt 0:03:22]} 66. Be2 {[%emt 0:01:01]} Kc8 {[%emt 0:01:36]} 67. Nd5 {[%emt 0:01:02]} Bxd5 {[%emt 0:01:19]} 68. Bxg4+ {[%emt 0:01:03]} Kc7 {[%emt 0:00:20]} 69. cxd5 {[%emt 0:00:11]} c4 {[%emt 0:00:18]} 70. d6+ {[%emt 0:01:44]} Bxd6 {[%emt 0:00:42]} 71. Qb2 {[%emt 0:00:10]} Qxa3 {[%emt 0:00:32]} 72. Qg7+ {[%emt 0:00:09]} Kc6 {[%emt 0:00:49]} 73. Bf3 {[%emt 0:00:13]} Kb5 {[%emt 0:00:21]} 74. Qb7 {[%emt 0:01:08]} Qb2+ {[%emt 0:00:32]} 75. Be2 {[%emt 0:00:14]} Bb4 {[%emt 0:00:41]} 76. Kf3 {[%emt 0:00:14]} Ka5 {[%emt 0:00:21]} 77. Qc7 {[%emt 0:00:38]} Qc1 {[%emt 0:00:41]} 78. Qe5+ {[%emt 0:01:17]} Ka4 {[%emt 0:00:13]} 79. Nf2 {[%emt 0:00:10]} Ka3 {[%emt 0:00:52]} 80. Qc7 {[%emt 0:00:53]} Nd5 {[%emt 0:00:25]} 81. Qxc4 {[%emt 0:00:27]} Qxe3+ {[%emt 0:00:18]} 82. Kg2 {[%emt 0:01:00]} Nf4+ {[%emt 0:00:32]} 83. Kf1 {[%emt 0:00:09]} a5 {[%emt 0:00:38]} 84. Qc2 {[%emt 0:00:53]} Bc3 {[%emt 0:01:42]} 85. Nd1 {[%emt 0:00:38]} Qh3+ {[%emt 0:00:28]} 86. Kf2 {[%emt 0:00:07]} Bd4+ {[%emt 0:00:13]} 87. Ke1 {[%emt 0:00:21]} Ng2+ {[%emt 0:00:50]} 88. Kd2 {[%emt 0:00:21]} Qh6+ {[%emt 0:00:06]} 89. Ne3 {[%emt 0:00:49]} Bxe3+ {[%emt 0:01:16]} 90. Kc3 {[%emt 0:00:34]} Qf6+ {[%emt 0:00:11]} 91. Kc4 {[%emt 0:00:38]} Qd4+ {[%emt 0:00:04]} 92. Kb5 {[%emt 0:00:25]} Qb6+ {[%emt 0:00:03]} 93. Kc4 {[%emt 0:00:33]} Qc5+ {[%emt 0:02:53] Kd4} 0-1

[Event "SAIF POWERTEC 45th BAN Ch 2019"]
[Site "Dhaka"]
[Date "2019.11.05"]
[Round "1.12"]
[White "Hossain, Monir"]
[Black "Rahman, Taibur"]
[Result "0-1"]
[WhiteElo "2050"]
[BlackElo "2196"]
[Annotator "ChessBase"]
[PlyCount "82"]
[EventDate "2019.11.05"]
[EventCountry "BAN"]
[SourceTitle "playchess.com"]
[Source "ChessBase"]
[SourceQuality "1"]
[TimeControl "40/5400+30:1800+30"]

1. Nf3 {[%emt 1:30:30]} c5 {[%emt 1:30:30]} 2. g3 {[%emt 0:00:30]} d5 {[%emt 0:00:30]} 3. Bg2 {[%emt 0:00:30]} Nf6 {[%emt 0:00:30]} 4. O-O {[%emt 0:00:30]} Nc6 {[%emt 0:00:30]} 5. d3 {[%emt 0:00:30]} g6 {[%emt 0:00:30]} 6. Na3 {[%emt 0:00:30]} Bg7 {[%emt 0:00:30]} 7. c4 {[%emt 0:00:30]} O-O {[%emt 0:00:30]} 8. cxd5 {[%emt 0:00:30]} Nxd5 {[%emt 0:00:30]} 9. Nc4 {[%emt 0:00:30]} b6 {[%emt 0:00:30]} 10. Ne3 {[%emt 0:00:30]} Nc7 {[%emt 0:00:30]} 11. Rb1 {[%emt 0:00:30]} Bb7 {[%emt 0:00:30]} 12. Bd2 {[%emt 0:00:30]} Rb8 {[%emt 0:00:30]} 13. Bc3 {[%emt 0:00:30]} e5 {[%emt 0:00:30]} 14. Nc4 {[%emt 0:00:30]} Qe7 {[%emt 0:00:30]} 15. Qc2 {[%emt 0:00:30]} Rfe8 {[%emt 0:00:30]} 16. a4 {[%emt 0:00:30]} Nd5 {[%emt 0:00:30]} 17. Nfd2 {[%emt 0:00:30]} Rbd8 {[%emt 0:00:30]} 18. Rbe1 {[%emt 0:00:30]} f5 {[%emt 0:00:30]} 19. Qb3 {[%emt 0:00:30]} Qf7 {[%emt 0:00:30]} 20. Bxd5 {[%emt 0:00:30]} Qxd5 {[%emt 0:00:30]} 21. Ne3 {[%emt 0:00:30]} Qxb3 {[%emt 0:00:30]} 22. Nxb3 {[%emt 0:00:30]} Nd4 {[%emt 0:00:30]} 23. Bxd4 {[%emt 0:00:30]} exd4 {[%emt 0:00:30]} 24. Nc4 {[%emt 0:00:30]} Re6 {[%emt 0:00:30]} 25. Nc1 {[%emt 0:00:30]} Bd5 {[%emt 0:00:30]} 26. b3 {[%emt 0:00:30]} a6 {[%emt 0:00:30]} 27. e4 {[%emt 0:00:30]} fxe4 {[%emt 0:00:30]} 28. dxe4 {[%emt 0:00:30]} Bxe4 {[%emt 0:00:30]} 29. f3 {[%emt 0:00:30]} Bd5 {[%emt 0:00:30]} 30. Rxe6 {[%emt 0:00:30]} Bxe6 {[%emt 0:00:30]} 31. Nd3 {[%emt 0:00:30]} b5 {[%emt 0:00:30]} 32. Na5 {[%emt 0:00:30]} Rc8 {[%emt 0:00:30]} 33. Rc1 {[%emt 0:00:30]} c4 {[%emt 0:00:30]} 34. Nf4 {[%emt 0:00:30]} Bf7 {[%emt 0:00:30]} 35. Nd3 {[%emt 0:00:30]} Be6 {[%emt 0:00:30]} 36. Nb4 {[%emt 0:00:30]} d3 {[%emt 0:00:30]} 37. axb5 {[%emt 0:00:30]} axb5 {[%emt 0:00:30]} 38. bxc4 {[%emt 0:00:30]} bxc4 {[%emt 0:00:30]} 39. Nac6 {[%emt 0:00:30]} d2 {[%emt 0:00:30]} 40. Rd1 {[%emt 0:00:30]} Rxc6 {[%emt 0:00:30]} 41. Nxc6 {[%emt 0:30:30]} c3 {[%emt 0:30:30]} 0-1

[Event "SAIF POWERTEC 45th BAN Ch 2019"]
[Site "Dhaka"]
[Date "2019.11.02"]
[Round "1.13"]
[White "Ahmed, Sheikh Nasir"]
[Black "Manon, Reja Neer"]
[Result "0-1"]
[WhiteElo "2185"]
[BlackElo "1829"]
[Annotator "TA"]
[PlyCount "82"]
[EventDate "2019.11.02"]
[EventType "swiss"]
[EventRounds "10"]
[EventCountry "BAN"]
[SourceTitle "playchess.com"]
[Source "ChessBase"]
[SourceQuality "1"]

{[%evp 16,82,24,13,42,8,14,10,12,4,10,0,15,7,25,9,24,23,25,-42,37,0,0,0,0,-4,4,0,20,-12,0,0,10,3,18,14,16,0,34,-13,0,-133,-137,-140,-120,-137,-100,-185,-200,-264,-187,-152,-165,-256,-226,-298,-281,-575,-291,-265,-303,-391,-363,-546,-433,-443,-442,-453,-437]} 1. c4 b6 2. e4 Bb7 3. d3 e6 4. Nc3 c5 5. Nf3 d6 6. g3 Be7 7. Bg2 Nf6 8. O-O O-O 9. Re1 Re8 $146 {A17: English Opening: 1...Nf6 with ...Bb4} ({Predecessor:} 9... a6 10. b3 Nbd7 11. d4 cxd4 12. Nxd4 Qc7 13. Bb2 Rfe8 14. Rc1 Rac8 15. h3 Qb8 16. Qe2 Bf8 17. Rcd1 Ba8 {0-1 (48) Dubov,D (2701)-Grischuk,A (2767) Moscow 2018}) 10. a3 Nc6 11. Rb1 Nd7 {The position is equal.} 12. b4 Nde5 13. Be3 Nxf3+ 14. Bxf3 Rc8 15. Bg2 Ba8 16. Ne2 Qd7 17. f4 (17. b5 $11 Ne5 18. f4) 17... Bf8 ({Black should try} 17... cxb4 $15 18. axb4 d5) 18. Qd2 (18. b5 $5 {[%cal Rb5c6]} Ne7 19. a4 $14) 18... d5 19. b5 Ne7 {[%cal Bc6e7,Be7f5,Bf5d4,Bd4e2][%mdl 32]} 20. Rbd1 Rcd8 21. Qc2 Qb7 22. Bf2 dxc4 23. Qxc4 Nf5 24. a4 h5 25. h3 Bd6 26. Kh2 {[#] Strongly threatening Bh1.} h4 27. g4 Nd4 28. Bxh4 (28. Bxd4 $11 {keeps the balance.} cxd4 29. g5) 28... Nxe2 $17 29. Rxe2 Bxf4+ 30. Kh1 g5 $36 {[%mdl 2048] Black is really pushing.} 31. Rf1 (31. Bf2 $17) 31... Rd4 $19 32. Qc2 e5 33. Bf2 Rd6 34. Be3 (34. Rd1 {might work better.}) 34... Qd7 35. Bxf4 exf4 36. Rd2 $2 (36. Rd1) 36... Rd8 37. Rfd1 Rd4 38. Kg1 {[#]} c4 $1 {[%mdl 512]} 39. Rc1 (39. Qc3 $142) (39. dxc4 Rxd2) 39... cxd3 {Black is clearly winning.} 40. Qc7 Bxe4 41. Qe5 Qd5 {Accuracy: White = 38%, Black = 36%.} 0-1

[Event "SAIF POWERTEC 45th BAN Ch 2019"]
[Site "Dhaka"]
[Date "2019.11.02"]
[Round "1.14"]
[White "Hamid, Rani"]
[Black "Mehdi Hasan Parag"]
[Result "0-1"]
[WhiteElo "1916"]
[BlackElo "2181"]
[Annotator "TA"]
[PlyCount "88"]
[EventDate "2019.11.02"]
[EventType "swiss"]
[EventRounds "10"]
[EventCountry "BAN"]
[SourceTitle "playchess.com"]
[Source "ChessBase"]
[SourceQuality "1"]

{[%evp 26,104,11,0,24,18,27,-2,16,0,0,0,18,0,7,2,0,-13,-14,-22,0,-22,0,0,0,0,0,0,0,-62,-62,-62,-57,-79,-66,-59,-44,-108,-50,-44,-44,-44,0,0,0,0,0,-60,-72,-49,-19,-19,-19,-25,-29,-45,-34,-95,-94,-94,-99,-191,-191,-647,-240,-1372,-707,-5073,-5073,-2970,-4133,-3475,-2321,-3277,-2569,-1916,-1620,-1388,-929,-5409,-1413]} 1. e4 c5 2. Nf3 Nc6 3. d4 cxd4 4. Nxd4 Nf6 5. Nc3 e5 6. Ndb5 d6 7. Bg5 a6 8. Na3 b5 9. Nd5 Be7 10. Bxf6 Bxf6 11. c3 O-O 12. Nc2 Rb8 13. Be2 Bg5 14. O-O Kh8 {B33: Sicilian: Pelikan and Sveshnikov Variations} (14... a5 15. Na3 Na7 16. Qd3 Kh8 17. Rfd1 Be6 18. Ne3 b4 19. Nac4 Nb5 20. cxb4 axb4 21. Nxd6 Nxd6 22. Qxd6 Bxe3 23. Qxd8 Rfxd8 24. fxe3 {½-½ (68) So,W (2754)-Grischuk,A (2772) Moscow 2019}) 15. Nce3 g6 16. Kh1 Be6 $146 {The position is equal.} ({Predecessor:} 16... Bh6 17. Qc2 f5 18. exf5 gxf5 {1-0 (48) Colbow,C (2111)-Villwock,M (2208) Bremen 2018}) 17. f4 exf4 18. Nxf4 Bf6 (18... Bc8 {is more complex.} 19. a4 Re8 20. axb5 axb5 21. Qd3 Kg8) 19. Nxe6 (19. Qd2 {seems wilder.} Be5 20. Rad1 Qg5 21. g3 Bd7 22. Nc2) 19... fxe6 20. Bg4 Qe7 21. Qe2 a5 22. Bh3 Ne5 23. Ng4 b4 24. Nxf6 Rxf6 25. Rxf6 Qxf6 26. Rf1 Qe7 27. Qa6 (27. cxb4 $11 axb4 28. g3) 27... bxc3 $15 28. bxc3 g5 $1 {[%cal Rg5g4]} 29. g3 g4 30. Bg2 Qc7 31. Rc1 (31. Qe2 $15) 31... Qb6 (31... Rb2 $17 32. Qa8+ Kg7) 32. Qf1 $1 {[%cal Rf1f6] White wants to play Qf6+.} Kg7 33. Qf4 Rf8 34. Qg5+ Kh8 {[#] Strongly threatening ...Nd3.} 35. Qe7 $1 {[%cal Re7f8][%mdl 512]} Rf7 36. Qe8+ (36. Qxe6 $11 Kg7 37. Rd1) 36... Kg7 37. Qxe6 h5 $40 {[%mdl 128] White needs to defend precisely.} 38. Qd5 Rf2 39. Rd1 Rb2 {And now ...Qf2! would win.} 40. Rf1 Rb1 41. Qd4 {[#]} ({Better is} 41. Qe6 $15) 41... Rxf1+ $1 $17 42. Bxf1 Qb1 43. Kg1 (43. Qa7+ $17 {might work better.} Kg6 44. Qf2) 43... Qxa2 $19 {aiming for ...a4.} 44. h4 $2 (44. Kh1) 44... Kh7 {Played: Qa2-d2} 0-1

[Event "SAIF POWERTEC 45th BAN Ch 2019"]
[Site "Dhaka"]
[Date "2019.11.02"]
[Round "1.15"]
[White "Saiful Islam, Chowdhury"]
[Black "Nayem, Haque"]
[Result "1-0"]
[WhiteElo "2159"]
[BlackElo "1911"]
[Annotator "TA"]
[PlyCount "65"]
[EventDate "2019.11.02"]
[EventType "swiss"]
[EventRounds "10"]
[EventCountry "BAN"]
[SourceTitle "playchess.com"]
[Source "ChessBase"]
[SourceQuality "1"]

{[%evp 14,65,19,22,21,0,0,0,44,-50,126,106,111,97,391,379,415,427,409,396,397,407,400,391,560,567,543,527,604,605,606,595,596,599,584,590,581,567,743,712,855,847,875,860,4910,4133,2433,4132,2020,931,2100,1852,1491,1389]} 1. e4 e5 2. Nf3 Nc6 3. Bc4 Bc5 4. O-O Nf6 5. c3 d6 6. d3 O-O 7. Bg5 h6 8. Bh4 g5 {C54: Giuoco Piano: 4 c3 Nf6, main lines with 5 d4 and 5 d3} (8... a6 9. a4 Ba7 10. Na3 g5 11. Bg3 g4 12. Nh4 Nh5 13. Nc2 Qg5 14. Re1 Be6 15. Ne3 Bxe3 16. Rxe3 Bxc4 17. dxc4 Ne7 {1-0 (53) Aronian,L (2767)-Nakamura,H (2777) chess.com INT 2018}) 9. Nxg5 hxg5 10. Bxg5 Be6 $146 {The position is equal.} ({Predecessor:} 10... Kg7 11. Qf3 Be6 12. Nd2 Rh8 13. h4 Qe7 14. Bd5 Nxd5 15. Bxe7 Ndxe7 16. b4 {0-1 (38) Vajda,L (2511)-Sutovsky,E (2628) Turin 2006}) 11. Bb5 (11. Nd2 $14) 11... a6 $2 (11... Kh7 $15) 12. Bxc6 $1 $16 bxc6 {[#]} 13. d4 $1 {[%cal Rd4c5]} Bc4 $2 {[%mdl 8192]} (13... exd4 $16 14. cxd4 Ba7) 14. Re1 $18 exd4 15. cxd4 Bb6 16. Re3 {And now Rg3 would win.} Re8 17. Nc3 Re6 18. Rf3 Nxe4 (18... Ba5 $142 19. b3 Bxc3 20. Rxc3 Bb5) 19. Bxd8 {White is clearly winning.} Rxd8 20. Nxe4 Rxe4 21. Qc1 {Threatens to win with Qg5+.} Rde8 22. Qxc4 Re1+ 23. Rxe1 Rxe1+ 24. Qf1 Rxf1+ 25. Kxf1 Bxd4 {[%mdl 4096] Endgame KR-KB} 26. Ra3 Bxb2 27. Rxa6 c5 28. a4 {[%cal Ba2a4,Ba4a5,Ba5a6][%mdl 32]} Bc3 29. Ra8+ Kg7 30. a5 c4 31. a6 Bd4 32. Rc8 Bb6 {[#]} 33. Rxc7 $1 {[%mdl 576] Promotion. Accuracy: White = 84%, Black = 25%.} 1-0

[Event "SAIF POWERTEC 45th BAN Ch 2019"]
[Site "Dhaka"]
[Date "2019.11.05"]
[Round "2.1"]
[White "Islam, Khandaker Aminul"]
[Black "Mollah Abdullah, Al Rakib"]
[Result "0-1"]
[WhiteElo "2229"]
[BlackElo "2462"]
[Annotator "TA"]
[PlyCount "36"]
[EventDate "2019.11.05"]
[EventCountry "BAN"]
[SourceTitle "playchess.com"]
[Source "ChessBase"]
[SourceQuality "1"]

{[%evp 9,36,13,38,43,36,17,22,19,56,43,56,38,48,18,17,20,52,11,60,22,37,35,51,48,76,29,27,7,0]} 1. d4 Nf6 2. Nf3 e6 3. c4 b6 4. g3 Bb7 5. Bg2 g6 6. Nc3 {E16: Queen's Indian: 4 g3 Bb7 5 Bg2 Bb4+} Bg7 7. Qc2 O-O 8. O-O d6 (8... d5 9. Ne5 c6 10. Rd1 Nbd7 11. e4 dxe4 12. Nxe4 Nxe4 13. Bxe4 Qc7 14. Nxd7 Qxd7 15. Be3 {1-0 (47) Xiong,J (2672)-Mamedyarov,S (2817) chess.com INT 2019}) 9. Rd1 Nbd7 10. b3 Qe7 11. Ba3 c5 $146 ({Predecessor:} 11... Rfc8 12. Rd2 a6 13. Rad1 Rab8 14. Ne5 c6 15. e4 Ne8 16. Na4 Ba8 17. Nxd7 Qxd7 {1-0 (36) Bletz,H (2291)-Zunker,R (2253) Germany 2005}) 12. e4 Rfd8 13. Rab1 Rac8 14. Qe2 Ne8 15. Bc1 h6 16. Bb2 Nb8 17. Rd2 Nc6 {[%cal Rc5d4]} 18. Na4 e5 {[%mdl 32768] Accuracy: White = 33%, Black = 37%. . Loss on time!?} 0-1

[Event "SAIF POWERTEC 45th BAN Ch 2019"]
[Site "Dhaka"]
[Date "2019.11.05"]
[Round "2.2"]
[White "Mohammed Abdul, Malek"]
[Black "Hossain, Enamul"]
[Result "1-0"]
[WhiteElo "2168"]
[BlackElo "2433"]
[Annotator "TA"]
[PlyCount "75"]
[EventDate "2019.11.05"]
[EventCountry "BAN"]
[SourceTitle "playchess.com"]
[Source "ChessBase"]
[SourceQuality "1"]

{[%evp 15,75,-4,0,-17,-17,-43,-34,-45,-21,-24,-27,-24,-33,-30,-27,-39,-35,-48,-41,-40,-23,-126,-128,-194,-201,-202,-195,-189,-194,-230,-132,-148,-138,-213,-71,-87,-80,-91,-87,-81,-81,-81,-86,-85,-81,-87,-81,-95,-101,-135,0,0,0,0,0,0,1287,1277,5089,1260,1077,1070]} 1. Nf3 Nf6 2. c4 e6 3. d4 d5 4. e3 Be7 5. Nc3 O-O 6. Bd3 dxc4 7. Bxc4 c5 8. O-O a6 9. a3 {D37: Queen's Gambit Declined: 5 Bf4} (9. Qe2 b5 10. Bb3 Bb7 11. Rd1 Nbd7 12. e4 b4 13. d5 bxc3 14. dxe6 fxe6 15. Ng5 Qb6 16. Bxe6+ Kh8 17. Bxd7 h6 18. Ne6 Rf7 19. bxc3 Bxe4 {1-0 (39) Cori Tello,J (2657)-Rambaldi,F (2574) Saint Louis 2017}) 9... b5 10. Bb3 Bb7 11. Qe2 {Black is slightly better.} Nbd7 12. Rd1 Qc7 13. Bd2 Rac8 $36 {[%mdl 2048] Black has good play.} 14. Rac1 Qb8 15. Bc2 Rfd8 16. dxc5 Bxc5 17. h3 $146 ({Predecessor:} 17. Be1 Ne5 18. Nxe5 Qxe5 19. Rxd8+ Rxd8 {1-0 (40) Kostin,K (2289)-Demianjuk,A (2313) Moscow 2012}) 17... Nb6 {[%cal Bd7b6,Bb6c4,Bc4d2][%mdl 32]} 18. e4 (18. Bb3 $11 {keeps the balance.}) 18... Nc4 $17 19. Rb1 {[#]} (19. Bg5 $17) 19... Bxa3 $1 $19 {[%mdl 512]} 20. bxa3 {Black must now prevent Rb3.} Nxd2 {[%mdl 64] Discovered Attack} 21. Rxd2 Rxc3 22. Rbd1 Rcc8 (22... Rdc8 $19 23. Bd3 g6) 23. Qe3 h6 24. e5 (24. Rxd8+ $17 {was called for.} Rxd8 25. Rxd8+ Qxd8 26. e5) 24... Bxf3 (24... Rxd2 $19 25. Rxd2 Nd5) 25. Rxd8+ $17 Rxd8 26. Rxd8+ Qxd8 27. exf6 Bd5 28. Qg3 {[%csl Gf6][%cal Rg3g7]} g6 29. Qe5 Qc8 30. Kh2 {[#]} Qc5 $1 {[%cal Rc5f2]} ({And not} 30... Qxc2 31. Qb8+ Kh7 32. Qf8 Qc7+ 33. g3 Qxg3+ 34. fxg3 h5 35. Qg7#) 31. Be4 Kh7 ({Stronger than} 31... Qxa3 32. Bxd5 Qc5 33. Qb8+ Qf8 34. Qxf8+ Kxf8 35. Bc6 $18) 32. f3 Qc6 (32... Qb6 $17 {Threatens to win with ...Bxe4.} 33. Bxd5 exd5 34. Qxd5 Qxf6) 33. Bd3 $1 $11 Qc1 34. h4 $1 {[%cal Rh4h5] aiming for h5.} Qxa3 35. Bc2 {Hoping for h5.} Kg8 $2 {[%mdl 8192]} (35... Qb4 $11 36. h5 Qh4+ 37. Kg1 Qc4 38. hxg6+ fxg6) 36. h5 $18 {White is clearly winning.} Qb4 37. hxg6 (37. Qg3 $142 Qf8 38. hxg6) 37... fxg6 38. Bxg6 {Accuracy: White = 57%, Black = 57%.} 1-0

[Event "SAIF POWERTEC 45th BAN Ch 2019"]
[Site "Dhaka"]
[Date "2019.11.05"]
[Round "2.3"]
[White "Rahman, Taibur"]
[Black "Murshed, Niaz"]
[Result "0-1"]
[WhiteElo "2196"]
[BlackElo "2413"]
[Annotator "TA"]
[PlyCount "19"]
[EventDate "2019.11.05"]
[EventCountry "BAN"]
[SourceTitle "playchess.com"]
[Source "ChessBase"]
[SourceQuality "1"]

{[%evp 9,19,-22,-18,-16,-20,-22,-16,-56,-35,-80,-64,-68]} 1. d4 d5 2. c4 dxc4 3. Nf3 Nf6 4. e3 Bg4 5. Na3 (5. Bxc4 e6 6. Nc3 Nc6 7. Be2 Bd6 8. O-O O-O 9. h3 Bh5 10. b3 Nd5 11. Bb2 f5 12. Nd2 Nxc3 13. Bxc3 Bxe2 14. Qxe2 Ne7 15. Nc4 Nd5 16. Bd2 Qh4 17. Qf3 Rf6 {½-½ (40) Lenderman,A (2637)-Edouard,R (2643) chess.com INT 2019}) 5... e5 6. Qa4+ $146 {D25: Queen's Gambit Accepted: 4 e3: sidelines and 4...Bg4} ({Predecessor:} 6. dxe5 Qxd1+ 7. Kxd1 Ne4 8. Ke2 Bxa3 9. bxa3 Nc6 10. h3 O-O-O {0-1 (10) Mokhtari,T-Arab,A (2474) Oran 2017}) 6... Bd7 7. Qxc4 exd4 8. Nxd4 Nc6 9. Nac2 Bd6 10. Be2 0-1

[Event "SAIF POWERTEC 45th BAN Ch 2019"]
[Site "Dhaka"]
[Date "2019.11.05"]
[Round "2.4"]
[White "Mehdi Hasan Parag"]
[Black "Abu Sufian, Shakil"]
[Result "1/2-1/2"]
[WhiteElo "2181"]
[BlackElo "2251"]
[Annotator "TA"]
[PlyCount "84"]
[EventDate "2019.11.05"]
[EventCountry "BAN"]
[SourceTitle "playchess.com"]
[Source "ChessBase"]
[SourceQuality "1"]

{[%evp 13,84,27,26,-7,37,32,33,34,31,30,29,37,38,26,30,30,20,41,26,-1,18,8,21,-29,0,0,1,-56,-64,-60,-61,-135,-133,-147,-147,-175,-167,-194,-186,-184,-125,-131,-54,-121,-79,-79,-35,-40,-48,-45,-43,-44,-27,-35,-12,-12,0,0,0,-18,-23,-88,-82,-61,-22,-77,-76,-75,0,0,0,-91,0]} 1. e4 c6 2. d4 d5 3. e5 Bf5 4. Nf3 e6 5. Be2 c5 6. Be3 cxd4 7. Nxd4 Ne7 8. Bb5+ {B12: Caro-Kann: Advance Variation} Nbc6 9. O-O a6 10. Bxc6+ {White is slightly better.} ({Much worse is} 10. Nxf5 Nxf5 11. Bxc6+ bxc6 $15) 10... bxc6 11. c4 Qd7 12. Nc3 dxc4 13. Na4 {Hoping for Nb6.} Nd5 {aiming for ...Bd3.} 14. Nxf5 exf5 15. Rc1 c3 {[#]} 16. Qb3 $146 ({Predecessor:} 16. Qc2 Be7 17. Nxc3 Nxe3 18. fxe3 {1-0 (26) Nepomniachtchi,I (2733)-Laznicka,V (2654) Heraklio 2017}) 16... f4 17. e6 fxe6 18. Bd4 (18. Nb6 $5 {[%cal Rb6d7]} Nxb6 19. Bxb6 cxb2 20. Qxb2 $14) 18... f3 {And now ...Nf4 would win.} 19. Rfe1 Be7 {White must now prevent ...0-0.} 20. Rxc3 (20. Nb6 $11 Nxb6 21. Bxb6) 20... Nxc3 $15 21. Qxc3 {[#]} e5 $1 22. Bxe5 {[#]} (22. Nb6 $1 $15 exd4 23. Qxf3) 22... O-O $1 $17 23. gxf3 {Strongly threatening Nb6.} Rae8 24. Nb6 Qf5 25. Qxc6 Bf6 26. Qd5+ {[#]} Qe6 ({Don't take} 26... Kh8 27. Nc4 $17) (26... Re6 $1 $19 27. Nd7 Rfe8) 27. f4 g5 (27... Qxd5 $17 28. Nxd5 Rf7) 28. Kf1 ({White should try} 28. Qxe6+ $15 Rxe6 29. Nd7 {[%mdl 64] Double Attack}) 28... Bxe5 29. fxe5 Kg7 (29... Rf4 {looks sharper.} 30. b3 Kf7 31. Re2 h5 32. h3 Qxd5 33. Nxd5 Rf5) 30. Qxe6 Rxe6 $15 {[%mdl 4096] Endgame KRR-KRN} 31. Nc4 Rf4 {[%mdl 1024] Black has compensation.} 32. b3 Kg6 33. Rd1 Rf7 34. Kg2 Ra7 35. Kf3 Rf7+ 36. Ke3 Rf4 37. Rd4 (37. Rd8 $11) 37... Kf5 $17 38. Rd5 Rh4 39. Nd6+ (39. Rd8 $11 {keeps the balance.}) 39... Kg6 40. Ne4 Kf5 (40... Rxh2 $17 41. Nc5 Re8 42. Nxa6 Rf8 43. Rd6+ Kh5) 41. Nd6+ (41. Ng3+ $11 {remains equal.} Kg6 42. Ne2) 41... Kg6 42. Ne4 Kf5 {Accuracy: White = 42%, Black = 57%.} ({Black should play} 42... Rxh2 $17 43. Nc5 Rh3+ 44. Ke4 Rh4+ 45. Ke3 Re8) 1/2-1/2